000 00767nam a2200229 i 4500
001 67230
003 ES-MaACL
005 20250731070131.0
007 t|
008 040513s1995 sp ||||1| spa d
020 _a84-605-2979-7
080 _a82-31.09"19"
100 1 _aGarcía Viñó, M.
_955416
245 1 3 _aLa novela relativista y quántica
_b: materiales para la construcción de una teoría aplicable a otras artes /
_cM. García Viñó.
260 _a[Madrid] :
_bHeterodoxia,
_c[1995]
300 _a32 p. ;
_c21 cm.
490 1 _aCuadernos de autor ;
_v22
650 1 4 _aNovela española-
_yS.XX-
_xHistoria y crítica
_915617
830 0 _aCuadernos de autor ;
_v22
_9230880
852 _aES-MaACL
_j2178-F-16
_bR.131831
999 _c67230
_d67230